000 00626nam a22001937a 4500
003 OSt
005 20250827053527.0
008 250827b |||||||| |||| 00| 0 eng d
020 _a971-23-4050-3
040 _aDWCL-Main lib
_cOC
082 _213th ed.
_aFil. 346.59904 D278 2005
100 _aDe Leon, Hector S.
245 _aTextbook on agrarian reform and taxation (with cooperatives)/
_cHector S. De Leon
250 _a13th ed.
260 _aManila, Phil. :
_bRex Book Store,
_cc2005
300 _axxviii, 453 p. :
_c22 cm.
650 _a1. Land tenure- law and legislation
942 _2ddc
_cBK - FIL
_e13th ed.
_kFil.
_n0
999 _c4304
_d4304